000 00267nam a2200109Ia 4500
008 190216s9999||||xx |||||||||||||| ||und||
100 _aNull
245 0 _aHand Book Of English Grammer
260 _bThe English Language Book Society
650 _aEnglish
942 _cBK
999 _c12895
_d12895